00474nam a2200157Ia 4500003000400000008004100004040001600045082001900061100002300080245009700103300001000200650002900210650002400239650002000263650003300283GCL140319s9999 xx 000 0 eng d aGCL / cGCL04a574.873224bGG1 aGOLLAGHER, SEAN R.10aGENETIC PROTOCOLS: USING THE GUSGEME AS A REPORTER OF GENE EXPRESSION / cGOLLAGHER, SEAN R. a221 P04aBETA GLUCURANIDASE GENES04aBIOCHEMICAL MARKERS04aGNES EXPRESSION04aGENETIC ENGINEEING TECHINQUE